01098nam a2200085 4500245011700000250001100117260003700128300001800165520082900183 aProvincia Italia, Linee editoriali e Progetto apostolico, 2000b(San Paolo Provincia Italia, n° 3 ottobre 2000) a1° ed aRomabSSP Provincia Italiac2000 a71 pp.c21 cm aIndice Presentazione Linee editoriali Progetto apostolico A - Premesse dottrinali 1. Un "Progetto" per evangelizzare 2. La missione della Società San Paolo 3. La missione e la fedeltà creativa 4. La missione paolina nel contesto ecclesiale di oggi 5. La missione nel contesto socio-culturale di oggi 6. La missione paolina nel contesto comunicativo di oggi 7. La missione paolina oggi nel contesto della Società San Paolo B - Scelte operative: Obiettivi e tappe di realizzazione 8. Sintesi delle scelte strategiche del Progetto Italia 9. Piano operativo del Progetto apostolico 1998-2000 10. Animazione vocazionale e azione formativa nel Progetto apostolico 11. Progetto apostolico e programma annuale Allegato 1 Storia del Progetto apostolico Allegato 2 Organigramma gestionale del Gruppo San Paolo